000 00631nam a2200277Ia 4500
005 20260324145157.0
008 008 260324s9999 xx 000 0 eng d
020 _a9781003051176
037 _aEBOOK
040 _aCRL
040 _beng
040 _cCRL
041 _2eng
041 _aeng
084 _qCRL
100 _aJ. J. C. Smart
_91222029
245 0 _aEthics, Persuasion and Truth
260 _bTaylor and Francis
260 _c1984
365 _a
365 _b150
856 _uhttp://www.taylorfrancis.com/books/9781003051176
942 _cEBOOK
999 _c1829586
_d1829586